Legends Never Die - Juice WRLD - Statistics

General Stats
  • This quiz has been taken 28 times
  • The average score is 16 of 26
Answer Stats
Songs Plays Artists % Correct
Smile 517,003,429 Juice WRLD, Weeknd
96%
Come & Go 1,082,609,088 Juice WRLD, Marshmello
92%
Wishing Well 1,066,623,348 Juice WRLD
92%
Life's A Mess 359,869,467 Juice WRLD, Halsey
88%
The Way 17,080,968 Juice WRLD, XXXTENTACION
80%
Hate The Other Side 469,922,171 Juice WRLD, Marshmello, The Kid LAROI, Polo G
76%
Conversations 495,116,188 Juice WRLD
72%
Righteous 620,336,890 Juice WRLD
72%
All Life Long 6,877,530 Juice WRLD
68%
Tell Me U Luv Me 245,478,157 Juice WRLD, Trippie Redd
68%
Titanic 201,447,479 Juice WRLD
68%
Anxiety (Intro) 54,721,302 Juice WRLD
64%
Man Of The Year 263,008,776 Juice WRLD
60%
Stay High 400,354,151 Juice WRLD
60%
Bad Energy 224,713,591 Juice WRLD
56%
Blood On My Jeans 282,661,818 Juice WRLD
56%
Can't Die 185,647,905 Juice WRLD
52%
Face 2 Face 96,490,729 Juice WRLD
52%
In My Head 172,292,547 Juice WRLD
52%
Juice WRLD Speaks From Heaven (Outro) 43,908,655 Juice WRLD
52%
I Want It 154,295,806 Juice WRLD
48%
Screw Juice 152,781,594 Juice WRLD
48%
The Man, The Myth, The Legend (Interlude) 38,902,547 Juice WRLD
44%
Up Up And Away 230,120,675 Juice WRLD
44%
Fighting Demons 176,665,678 Juice WRLD
40%
Get Through It (Interlude) 99,550 Juice WRLD
32%
No matching quizzes found
Score Distribution
Percent of People with Each Score
Percentile by Number Answered
Your Score History
You have not taken this quiz